| 000 | 01964 a2200241 4500 | ||
|---|---|---|---|
| 003 | Nust | ||
| 005 | 20220802121652.0 | ||
| 010 | _a 2005041372 | ||
| 020 | _a0849334225 (hc : alk. paper) | ||
| 040 | _cNust | ||
| 082 | 0 | 0 | _a620.00151,HIL |
| 245 | 0 | 4 |
_aThe Hilbert-Huang transform in engineering / _cedited by Norden Huang, Nii O. Attoh-Okine. |
| 260 |
_aNew York : _bTaylor & Francis, _c2005. |
||
| 300 |
_a313 p. : _bill. (some col.) ; _c24 cm. |
||
| 505 | _aIntroduction to Hilbert-Huang Transform and Some Recent Developments (Page-1), Carrier and Riding Wave Structure of Rogue Waves (Page-25), Applications of Hilbert-Huang Transform to Ocean-Atmosphere Remote Sensing Research (Page-59), A Comparison of the Energy Flux Computation of Shoaling Waves Using Hilbert and Wavelet Spectral Analysis Techniques (Page-83), An Application of HHT Method to Nearshore Sea Waves (Page-97), Transient Signal Detection Using the Empirical Mode Decomposition (Page-121), Coherent Structures Analysis in Turbulent Open Channel Flow Using Hilbert-Huang and Wavelets Transforms (Page-141), An HHT-Based Approach to Quantify Nonlinear Soil Amplification and Damping (Page-159), Simulation of Nonstationary Random Processes Using Instantaneous Frequency and Amplitude from Hilbert-Huang Transform (Page-191), Comparison of Hilbert-Huang, Wavelet, and Fourier Transforms for Selected Applications (Page-213), The Analysis of Molecular Dynamics Simulations by the Hilbert Huang Transform (Page-245), Decomposition of Wave Groups with EMD Method (Page-267), Perspectives on the Theory and Practices of the Hilbert-Huang Transform (Page-281), | ||
| 650 | 0 | _aEngineering mathematics. | |
| 650 | 0 |
_aHilbert-Huang transform. _996240 |
|
| 650 | 0 | _aSignal processing. | |
| 700 | 1 |
_aAttoh-Okine, Nii O. _996241 |
|
| 700 | 1 |
_aHuang, Norden E. _d1937- _996242 |
|
| 856 | 4 | 2 |
_3Publisher description _uhttp://www.loc.gov/catdir/enhancements/fy0648/2005041372-d.html |
| 942 |
_cREF _2ddc |
||
| 999 |
_c217086 _d217086 |
||